000 00318nam a22001457a 4500
008 210308b ||||| |||| 00| 0 eng d
020 _a9780495554417
041 _aeng
080 _a51
082 _a51
100 _a36
101 _aMAT
245 _aContemporary Precalculus
_cHungerford, Th.W
942 _2udc
_cBK
999 _c56015
_d56015